MARC

LEADER 00000nas a2200000 a 4500
001 ssj0001453
003 WaSeSS
005 20200512172242.0
006 m d
007 cr n
008 800429d19771987inuqr p s 0 a0eng c
010 |a  85644518   |z sc 85005259   |z sn 80008584  
022 |l 0270-0484  |y 0270-0484 
035 |a (WaSeSS)ssj0001453 
040 |a VPI  |b eng  |c VPI  |d NSD  |d OCL  |d NST  |d AIP  |d NST  |d AIP  |d NST  |d HUL  |d OCL  |d DLC  |d NST  |d DLC  |d NST  |d MUL  |d NSD  |d NST  |d IUL  |d NST  |d FUG  |d HUL  |d NSD  |d IUL  |d DLC  |d OCLCQ  |d NLGGC  |d LVB  |d OCLCQ  |d MYG  |d OCLCF  |d OCLCO  |d GILDS  |d OCLCO  |d OCLCQ  |d RDF  |d NJR  |d CPO  |d WaSeSS 
042 |a nsdp  |a pcc 
043 |a n-us--- 
050 0 0 |a HD251  |b .A493a 
082 0 4 |a 333.33/0973  |2 19 
210 0 |a AREUEA j. 
222 0 |a AREUEA journal 
245 0 0 |a AREUEA journal  |h [electronic resource] :  |b journal of the American Real Estate and Urban Economics Association. 
246 3 0 |a Journal of the American Real Estate and Urban Economics Association 
246 1 3 |a American Real Estate and Urban Economics Association journal 
260 |a [New Brunswick, N.J.] :  |b The Association,  |c [©1977-©1987] 
310 |a Quarterly 
362 0 |a Vol. 5, no. 1 (spring 1977)-v. 15, no. 4 (winter 1987). 
500 |a Published: New Brunswick, N.J., 1977- ; Columbia, S.C. <spring 1982>-winter 1983; Athens, Ga., spring 1983-<winter 1985>; Bloomington, Ind., -winter 1987. 
500 |a Title from cover. 
506 |a License restrictions may limit access. 
650 0 |a Real estate business  |z United States  |v Periodicals. 
650 0 |a Urban economics  |v Periodicals. 
650 6 |a Immobilier  |z États-Unis  |v Périodiques. 
650 6 |a Économie urbaine  |v Périodiques. 
650 7 |a Real estate business.  |2 fast  |0 (OCoLC)fst01090898 
650 7 |a Urban economics.  |2 fast  |0 (OCoLC)fst01162408 
650 1 7 |a Onroerend goed.  |2 gtt 
650 1 7 |a Stedelijke economie.  |2 gtt 
651 7 |a United States.  |2 fast  |0 (OCoLC)fst01204155 
655 0 |a Electronic journals. 
710 2 |a American Real Estate and Urban Economics Association. 
780 0 0 |a American Real Estate and Urban Economics Association.  |t American Real Estate and Urban Economics Association journal  |x 0092-914X  |w (DLC) 73087336  |w (OCoLC)1784469 
785 0 0 |t Journal of the American Real Estate and Urban Economics Association  |x 1067-8433  |w (DLC) 95645119  |w (OCoLC)26846250 
850 |a AAP  |a AU  |a ArU  |a CNoS  |a CSf  |a CStclU  |a CU  |a CU-Riv  |a CU-SB  |a CaAEU  |a CaBVa  |a CaBVaU  |a CaOLU  |a CaOONL  |a CaOWA  |a CoU  |a CtW  |a CtY-SSE  |a DLC  |a DeU  |a FU  |a GEU  |a ICU  |a IaAS  |a IaU  |a InLP  |a InU  |a KU  |a KyU  |a MH-SD  |a MdU  |a MiDW  |a MnU  |a MoU  |a MsU  |a N  |a NBuU  |a NIC  |a NNC  |a NRU  |a NSyU  |a NcCU  |a NcRS  |a NcU  |a NcWsW  |a NjR  |a OCU  |a OU  |a OkU  |a OrCS  |a OrU  |a PPiD  |a PSt  |a PU-W  |a TxArU  |a TxCM  |a TxDaM da ULA  |a UU  |a ViBlbV  |a ViW  |a Wa  |a WaU-L  |a WyU 
856 4 0 |z Full text available from Research Library: 04/01/1987 to Winter 1987  |u https://search.proquest.com/publication/47936